00758nam a22002177a 45000010005000000030006000050050017000110080041000280400029000690500015000980820011001131000035001242450053001592600037002123000025002495050007002745200200002815210018004815210018004997000023005173501FISKH20250508150551.0240313b cb ||||| |||| 00| 0 eng d aFISK beng cFISKdFISK  aPZ7.H1828  a823.9  aHamilton Virginia d1934-2002 aM. C. higgins, the great / cVirginia Hamilton  aNew York : bScholastic, c1996  a278 pages : c20 cm  aN  aAs a slag heap, the result of strip mining, creeps closer to his house in the Ohio hills, fifteen-year-old M.C. is torn between trying to get his family away and fighting for the home they love.  a560 bLexile  aN bRaz-Plus  aVirginia Hamilton